Bidhi sahityat bikash: (Record no. 2354)

MARC details
000 -LEADER
fixed length control field 00538cam a2200193ua 4500
001 - CONTROL NUMBER
control field 2502
005 - DATE AND TIME OF LATEST TRANSACTION
control field 20260515113516.0
008 - FIXED-LENGTH DATA ELEMENTS--GENERAL INFORMATION
fixed length control field 110823n ii |||gr||||Z||||||asm
040 ## - CATALOGING SOURCE
Transcribing agency MAIN
082 ## - DEWEY DECIMAL CLASSIFICATION NUMBER
Classification number 398.054162
100 1# - MAIN ENTRY--PERSONAL NAME
Personal name Rohman, Wakidur,
Relator term Aithor.,
245 1# - TITLE STATEMENT
Title Bidhi sahityat bikash:
Remainder of title asomor jati janagosthir prasangat bislekhanatmak adhyayan /
Statement of responsibility, etc. by Wakidur Rohman
250 ## - EDITION STATEMENT
Edition statement 1st.
260 ## - PUBLICATION, DISTRIBUTION, ETC.
Place of publication, distribution, etc. Demow:
Name of publisher, distributor, etc. P. B. Manch,
Date of publication, distribution, etc. 2007.
300 ## - PHYSICAL DESCRIPTION
Extent 196p:
Dimensions 23cm.
653 ## - INDEX TERM--UNCONTROLLED
Uncontrolled term Folklore
653 ## - INDEX TERM--UNCONTROLLED
Uncontrolled term Bidhi sahityat bikash
942 ## - ADDED ENTRY ELEMENTS (KOHA)
Koha item type Books
Holdings
Withdrawn status Lost status Damaged status Not for loan Home library Current library Shelving location Date acquired Total checkouts Full call number Barcode Date last seen Copy number Price effective from Koha item type
        Naharkatiya College Library Naharkatiya College Library General stacks 09/19/2020   398.054162 | ROH 17385 09/19/2020 3 09/19/2020 Books
        Naharkatiya College Library Naharkatiya College Library General stacks 09/19/2020   398.054162 | ROH 17386 09/19/2020 1 09/19/2020 Books
        Naharkatiya College Library Naharkatiya College Library General stacks 09/19/2020   398.054162 | ROH 17387 09/19/2020 2 09/19/2020 Books